000 00338 a2200157 4500
001 176507
020 _a
040 _cMagnum
100 _aVasconcelos, Naumi de
240 1 0 _aSexo: questao de metodo
_lpor
245 1 0 _aSexo: questao de metodo
362 0 _a1899
440 1 _aModerna
697 _aMAGNITO: EDUCACAO
942 _cBK
999 _c176507
_d176507